Welche Stadt mit O? - Statistiken

Allgemein
  • Dieses Quiz wurde 61 mal gespielt
  • Das Durchschnittsergebnis liegt bei 10 aus 20
Antwortstatistiken
Hinweis Stadt % Korrekt
Universitätsstadt in England Oxford
91%
Hafenstadt am Schwarzen Meer mit knapp einer Million Einwohner Odessa
89%
an Frankfurt am Main angrenzende Großstadt Offenbach am Main
87%
1952 war es die erste Hauptstadt, in der die Olympischen Winterspiele stattfanden Oslo
85%
japanische Megastadt mit einer Burg im Zentrum Osaka
81%
Seit 2010 ist sie Kohltourhauptstadt Deutschlands Oldenburg
74%
bekannt für zahlreiche Themenparks wie z.B. Walt Disney World undUniversal Studios Orlando
70%
das Westfield Centro, das größte Einkaufszentrum Deutschlands, befindet sich hier Oberhausen
66%
durch die Verkündung des Westfälischen Friedens ist diese Stadt auch als Friedensstadt bekannt Osnabrück
62%
deutsche Mittelstadt etwa 20 Kilometer von Straßburg entfernt Offenburg
57%
Afrikanische Hauptstadt mit 8 Vokalen und nur 3 Konsonanten Ouagadougou
55%
größte Stadt im Bundesstaat Nebraska Omaha
43%
Hauptstadt eines US-Bundesstaates, geprägt von der Cowboy- und Westernkultur Oklahoma City
38%
im Winter verwandelt sich der Rideau-Kanal zur längsten Eislaufbahn der Welt Ottawa
36%
Großstadt auf der Insel Fünen Odense
32%
von der Stahlindustrie geprägte Stadt in Schlesien Ostrau
21%
auf dem Hauptplatz der an der March gelegenen Stadt befindet sich das Rathaus sowie die 35m hohe Dreifaltigkeitssäule Olmütz
15%
der Name dieser Stadt stammt von der Lage am östlichen Ende der ehemaligen Insel Testerep Ostende
15%
Europäische Kulturhauptstadt 2026, in der seit 1996 jährlich die Luftgitarren-Weltmeisterschaft stattfindet Oulu
15%
Stadt an der Drau, nahe ihrer Mündung in die Donau, bekannt für dieFestungsanlage Tvrđa Osijek
9%
Keine übereinstimmenden Quizze gefunden
Verteilung der Resultate
Anzahl Personen mit jedem Resultat
Perzentil nach korrekt beantworteten Fragen
Ihre Resultats-Entwicklung
Sie haben dieses Quiz noch nicht gespielt